| 000 | 00551nam a2200193Ia 4500 | ||
|---|---|---|---|
| 003 | GCL | ||
| 008 | 140319s9999 xx 000 0 ara d | ||
| 040 |
_aGCL / _cGCL |
||
| 082 | 0 | 4 |
_a972.1 _bك س |
| 100 | 1 | _aكير ايلام | |
| 245 | 1 | 0 |
_aسيمياء المسرح والدراما ط1 / _cكير ايلام |
| 700 | 1 | _aرئيف كرم | |
| 260 |
_a[S.N] : _bالمركز الثقافى العربى ، _c1992 |
||
| 300 | _a366 ص | ||
| 490 | _a | ||
| 650 | 0 | 4 | _aالمسرح |
| 650 | 0 | 4 | _aالتمثيل فى المسرح |
| 942 |
_2ddc _cBK |
||
| 999 |
_c53268 _d53268 |
||